[Event "ch-RUS Blitz 2016"]
[Site "Sochi RUS"]
[Date "2016.10.04"]
[Round "3.14"]
[White "Jary, Sergey"]
[Black "Dreev, Aleksey"]
[Result "1-0"]
[BlackTitle "GM"]
[WhiteElo "2297"]
[BlackElo "2660"]
[WhiteFideId "14110350"]
[BlackFideId "4100107"]
[EventDate "2016.10.04"]

1. Nf3 d5 2. g3 c6 3. Bg2 Bg4 4. O-O Nd7 5. d4 e6 6. Nbd2 Bd6 7. c4 Ngf6 8. b3
O-O 9. Bb2 Qe7 10. a3 a5 11. h3 Bh5 12. Ne5 Rfd8 13. cxd5 cxd5 14. g4 Bg6 15. f4
Rac8 16. e3 Rc7 17. Nxg6 hxg6 18. Qb1 Rdc8 19. Rc1 Nb6 20. g5 Rxc1+ 21. Bxc1 Ne8
22. Bf1 Qc7 23. Bd3 Qc3 24. a4 Bb4 25. Nf3 Nd6 26. Bd2 Qc7 27. Bxb4 axb4 28. a5
Nd7 29. a6 bxa6 30. Rxa6 Nf5 31. Bxf5 exf5 32. Qa2 Qc3 33. Kf2 Kh7 34. Ra7 Qd3
35. Ne1 Qb5 36. Qe2 Qc6 37. Qa6 Qxa6 38. Rxa6 Rc3 39. Rd6 Nf8 40. Rxd5 Rxb3 41.
Rb5 Ne6 42. Rb7 Rb2+ 43. Kf1 b3 44. Nd3 Rb1+ 45. Ke2 Nd8 46. Rb6 Ne6 47. d5 Nc7
48. d6 Ne6 49. d7 Nd8 50. Rb8 Ne6 51. d8=Q Nxd8 52. Rxd8 Rh1 53. Rb8 Rxh3 54.
Nf2 Rh5 55. Rxb3 1-0

[Event "ch-RUS Blitz 2016"]
[Site "Sochi RUS"]
[Date "2016.10.04"]
[Round "3.15"]
[White "Rakhmanov, Aleksandr"]
[Black "Domogaev, Sergey"]
[Result "1-0"]
[WhiteTitle "GM"]
[BlackTitle "GM"]
[WhiteElo "2662"]
[BlackElo "2435"]
[WhiteFideId "4173708"]
[BlackFideId "24103608"]
[EventDate "2016.10.04"]

1. c4 g6 2. Nc3 Bg7 3. g3 c5 4. Bg2 Nc6 5. d3 e5 6. b3 d6 7. Bb2 Nh6 8. e3 O-O
9. Nge2 Nf5 10. Qd2 h5 11. h3 Bd7 12. Nd5 Rb8 13. Nec3 a6 14. Ne4 Be6 15. O-O
Nh6 16. f4 b5 17. fxe5 Nxe5 18. Ndf6+ Kh8 19. d4 cxd4 20. exd4 Nxc4 21. bxc4
Bxc4 22. d5 Bxf1 23. Rxf1 Nf5 24. Rxf5 1-0

[Event "ch-RUS Blitz 2016"]
[Site "Sochi RUS"]
[Date "2016.10.04"]
[Round "3.16"]
[White "Musalov, Ruslan"]
[Black "Paravyan, David"]
[Result "0-1"]
[WhiteTitle "IM"]
[BlackTitle "IM"]
[WhiteElo "2332"]
[BlackElo "2528"]
[WhiteFideId "4141490"]
[BlackFideId "4194985"]
[EventDate "2016.10.04"]

1. e4 c5 2. Nc3 a6 3. Nf3 d6 4. d4 cxd4 5. Nxd4 Nf6 6. Be2 Nbd7 7. O-O g6 8. Qe1
Nc5 9. Bf3 Bg7 10. Bg5 h6 11. Bxf6 Bxf6 12. Rd1 O-O 13. Qe3 Bg7 14. Nb3 Nd7 15.
Nd5 Rb8 16. c3 b5 17. Bg4 e6 18. Nb4 Ne5 19. Be2 Qc7 20. Nd3 Nc4 21. Qg3 Bb7 22.
Qh4 Rfe8 23. Rfe1 Ba8 24. Bf1 a5 25. Nd4 b4 26. Nf3 0-1

[Event "ch-RUS Blitz 2016"]
[Site "Sochi RUS"]
[Date "2016.10.04"]
[Round "3.17"]
[White "Timofeev, Artyom"]
[Black "Nazaretyan, Tigran"]
[Result "1-0"]
[WhiteTitle "GM"]
[WhiteElo "2601"]
[BlackElo "2308"]
[WhiteFideId "4140419"]
[BlackFideId "24162345"]
[EventDate "2016.10.04"]

1. c4 e6 2. Nc3 d5 3. d4 Nf6 4. Bg5 Nbd7 5. cxd5 exd5 6. e3 c6 7. Bd3 Be7 8.
Nge2 O-O 9. O-O Re8 10. Qc2 Nf8 11. Rae1 Be6 12. f3 Rc8 13. Kh1 c5 14. dxc5 Rxc5
15. Nd4 a6 16. Nxe6 fxe6 17. Qb3 b5 18. Ne2 h6 19. Bh4 Kh8 20. Bb1 e5 21. Rd1
Rc4 22. Bg3 Bd6 23. Nc3 d4 24. Ne4 Nh5 25. Bf2 Be7 26. Qd3 Nf6 27. Ng3 dxe3 28.
Qxe3 Qc7 29. Nf5 Bc5 30. Qe2 Bxf2 31. Qxf2 e4 32. Nd6 e3 33. Qe2 Re7 34. Nxc4
bxc4 35. Rfe1 Ne6 36. Qxe3 Re8 37. Qe5 Qf7 38. Qf5 Nf8 39. h3 Rxe1+ 40. Rxe1 Qc7
41. Qe5 Qb6 42. Qe7 Qb8 43. Rd1 N6h7 1-0

[Event "ch-RUS Blitz 2016"]
[Site "Sochi RUS"]
[Date "2016.10.04"]
[Round "3.18"]
[White "Shcherbin, Matvei"]
[Black "Shaposhnikov, Evgeny"]
[Result "0-1"]
[WhiteTitle "IM"]
[BlackTitle "GM"]
[WhiteElo "2366"]
[BlackElo "2557"]
[WhiteFideId "24125164"]
[BlackFideId "4122232"]
[EventDate "2016.10.04"]

1. e4 c5 2. c3 Nf6 3. e5 Nd5 4. d4 cxd4 5. Nf3 d6 6. cxd4 Nc6 7. Bc4 Nb6 8. Bb5
d5 9. Nc3 Bg4 10. h3 Bxf3 11. Qxf3 e6 12. O-O Rc8 13. Be3 Be7 14. Qg3 g6 15. Bh6
a6 16. Bxc6+ Rxc6 17. Rac1 Qc7 18. Ne2 Nd7 19. Rxc6 bxc6 20. Rc1 Qb6 21. b3 a5
22. Qc3 Nb8 23. Nf4 Rg8 24. Qd3 Kd7 25. Ne2 Na6 26. Be3 Nb4 27. Qd2 Rc8 28. Nc3
Na6 29. Na4 Qb5 30. f4 h5 31. Qc3 Ba3 32. Rc2 Bb4 33. Qa1 Qd3 34. Qc1 Ke8 35.
Nb6 Rc7 36. Kf2 Ba3 37. Qd2 Qxd2+ 38. Bxd2 Nb4 39. Bxb4 Bxb4 40. Na4 Kd7 41. g4
hxg4 42. hxg4 Rb7 43. Ke3 Rb5 44. Kd3 Be7 45. Rh2 c5 46. dxc5 Bxc5 47. Rc2 Bb4
48. Rc1 Rb8 49. Rh1 Ke7 50. Rc1 Rh8 51. Rc7+ Kf8 52. Rc8+ Kg7 53. Rxh8 Kxh8 54.
Nb6 Kg7 55. Na4 Kh6 56. Ke3 Ba3 57. Nc3 g5 58. fxg5+ Kxg5 59. Kf3 Bb2 60. Nb5
Bxe5 61. a3 Bb8 62. Nd4 e5 63. Nc6 e4+ 64. Ke2 Bc7 65. Ne7 d4 66. Nd5 Bf4 67. b4
d3+ 68. Kf2 axb4 69. axb4 Kxg4 70. b5 Kf5 71. b6 Bb8 72. b7 Ke5 73. Nb6 Kd6 74.
Ke3 f5 75. Nc4+ Kc6 0-1

[Event "ch-RUS Blitz 2016"]
[Site "Sochi RUS"]
[Date "2016.10.04"]
[Round "3.19"]
[White "Gabrielian, Artur"]
[Black "Dashko, Andrey"]
[Result "1-0"]
[WhiteTitle "GM"]
[WhiteElo "2524"]
[BlackElo "2243"]
[WhiteFideId "4131002"]
[BlackFideId "4131371"]
[EventDate "2016.10.04"]

1. e4 c5 2. Nf3 e6 3. d4 cxd4 4. Nxd4 a6 5. c4 Qc7 6. Nc3 Nf6 7. Bd3 d6 8. O-O
Be7 9. b3 Nbd7 10. Bb2 O-O 11. Rc1 b6 12. Qe2 Bb7 13. Kh1 Rfe8 14. f4 Bf8 15.
Nf3 Rac8 16. Bb1 Qb8 17. Rcd1 Qa8 18. Ng5 h6 19. Nf3 e5 20. f5 b5 21. cxb5 axb5
22. Nxb5 Bxe4 23. Bxe4 Nxe4 24. a4 d5 25. Rc1 Qb8 26. g3 Rxc1 27. Rxc1 Nef6 28.
Rc6 d4 29. Nd2 Qa8 30. Qg2 e4 31. Nxd4 Ne5 32. Rc2 Bb4 33. Nc4 Nf3 34. h3 Bc5
35. Nb5 Qd5 36. Rc1 Qxf5 37. Nbd6 Bxd6 38. Nxd6 Qe6 39. Nxe8 Qxe8 40. a5 Nh5 41.
a6 Qb8 42. a7 Nxg3+ 43. Qxg3 Qxg3 44. a8=Q+ Kh7 45. Qxe4+ f5 46. Qxf5+ 1-0

[Event "ch-RUS Blitz 2016"]
[Site "Sochi RUS"]
[Date "2016.10.04"]
[Round "3.20"]
[White "Belov, Igor1"]
[Black "Chigaev, Maksim"]
[Result "0-1"]
[WhiteTitle "IM"]
[BlackTitle "IM"]
[WhiteElo "2390"]
[BlackElo "2551"]
[WhiteFideId "4101782"]
[BlackFideId "4108116"]
[EventDate "2016.10.04"]

1. Nf3 Nf6 2. c4 g6 3. Nc3 Bg7 4. e4 d6 5. d4 O-O 6. Be2 Nbd7 7. Be3 e5 8. d5
Ng4 9. Bd2 Bh6 10. h3 Bxd2+ 11. Qxd2 Ngf6 12. O-O Nc5 13. Qc2 a5 14. Ne1 Bd7 15.
Nf3 Nh5 16. Rfe1 Nf4 17. Bf1 f5 18. Kh2 Qf6 19. Nd2 Qg5 20. Re3 Kh8 21. Rae1 Qh6
22. exf5 gxf5 23. g3 Ng6 24. Bg2 0-1

[Event "ch-RUS Blitz 2016"]
[Site "Sochi RUS"]
[Date "2016.10.04"]
[Round "4.1"]
[White "Artemiev, Vladislav"]
[Black "Bryzgalin, Kirill"]
[Result "1/2-1/2"]
[WhiteTitle "GM"]
[BlackTitle "GM"]
[WhiteElo "2663"]
[BlackElo "2424"]
[WhiteFideId "24101605"]
[BlackFideId "4133285"]
[EventDate "2016.10.04"]

1. e4 e5 2. Nf3 Nc6 3. Bb5 a6 4. Ba4 Nf6 5. O-O Be7 6. Re1 b5 7. Bb3 O-O 8. a4
Rb8 9. axb5 axb5 10. d3 d6 11. Nc3 Bg4 12. Be3 h6 13. h3 Be6 14. Bxe6 fxe6 15.
Ne2 Qd7 16. Ng3 Ra8 17. c3 b4 18. Rxa8 Rxa8 19. d4 bxc3 20. bxc3 Bf8 21. Qb3 Rb8
22. Qa2 exd4 23. cxd4 d5 24. e5 Ne4 25. Nxe4 dxe4 26. Nd2 Qd5 27. Qc2 Nxd4 28.
Qxc7 Rb7 29. Qc8 Nf5 30. Bf4 e3 31. Bxe3 Rb2 32. Nf3 Nxe3 33. Rxe3 Kf7 34. Ng5+
hxg5 35. Rf3+ Qxf3 36. gxf3 Be7 37. Qc7 Rb4 38. Kg2 Rf4 39. Qb8 Rh4 40. Qc8 Rf4
41. Qc6 Rh4 42. Kg3 Rf4 43. Qc2 Rh4 44. Qd3 Rf4 45. Qh7 Rh4 46. Qd3 1/2-1/2

[Event "ch-RUS Blitz 2016"]
[Site "Sochi RUS"]
[Date "2016.10.04"]
[Round "4.3"]
[White "Ponkratov, Pavel"]
[Black "Shcherbakov, Ruslan"]
[Result "1-0"]
[WhiteTitle "GM"]
[BlackTitle "GM"]
[WhiteElo "2589"]
[BlackElo "2516"]
[WhiteFideId "4157800"]
[BlackFideId "4102240"]
[EventDate "2016.10.04"]

1. c4 c5 2. Nf3 g6 3. Nc3 Bg7 4. e3 Nf6 5. d4 O-O 6. d5 e6 7. Be2 exd5 8. cxd5
d6 9. h3 Re8 10. O-O Na6 11. Nd2 Nc7 12. e4 Rb8 13. a4 b6 14. Rb1 Na6 15. Re1
Nb4 16. Bb5 Bd7 17. Nc4 a6 18. Bxd7 Qxd7 19. Bf4 Bf8 20. Bg5 Nh5 21. g4 h6 22.
Bd2 Nf6 23. Qf3 Qd8 24. Rbc1 b5 25. axb5 axb5 26. Na3 c4 27. Ncxb5 Nd3 28. Nd4
Nxe1 29. Rxe1 Rxb2 30. Bc3 Ra2 31. Nc6 Rxa3 32. Nxd8 Bg7 33. Re3 Rxd8 34. Bxf6
Rxe3 35. fxe3 Rc8 36. Bxg7 Kxg7 37. Qe2 c3 38. Qc2 Kf6 39. Kf2 Rc7 40. Ke2 Ke7
41. Kd1 g5 42. Qa4 c2+ 43. Kc1 1-0

[Event "ch-RUS Blitz 2016"]
[Site "Sochi RUS"]
[Date "2016.10.04"]
[Round "4.4"]
[White "Rozum, Ivan"]
[Black "Andreikin, Dmitry"]
[Result "0-1"]
[WhiteTitle "GM"]
[BlackTitle "GM"]
[WhiteElo "2590"]
[BlackElo "2736"]
[WhiteFideId "24104272"]
[BlackFideId "4158814"]
[EventDate "2016.10.04"]

1. Nf3 d5 2. g3 Nf6 3. Bg2 c6 4. c4 dxc4 5. O-O Nbd7 6. Na3 Nb6 7. Qc2 g6 8.
Nxc4 Nxc4 9. Qxc4 Bg7 10. d3 O-O 11. Bf4 Be6 12. Qc2 Qb6 13. Be5 Rfd8 14. b3
Rac8 15. Qb2 Ne8 16. Bxg7 Nxg7 17. Rac1 Nf5 18. Rc2 c5 19. Rfc1 Nd4 20. Nxd4
Rxd4 21. Rc3 Rd7 22. Qc2 Rdc7 23. Qd2 Qb4 24. Qg5 b6 25. h4 Qd4 26. Qf4 Qxf4 27.
gxf4 a5 28. d4 Kf8 29. a3 Ke8 30. b4 axb4 31. axb4 c4 32. Ra1 b5 33. Ra5 Bd7 34.
e3 e6 35. Kf1 Ke7 36. Ke1 h6 37. Kd2 Rg8 38. Bf3 g5 39. hxg5 hxg5 40. fxg5 Rxg5
41. Rca3 Rf5 42. Ke2 c3 43. Ra1 Rc4 44. Rb1 e5 45. dxe5 Rxe5 46. Rc1 Be6 0-1

[Event "ch-RUS Blitz 2016"]
[Site "Sochi RUS"]
[Date "2016.10.04"]
[Round "4.5"]
[White "Morozevich, Alexander"]
[Black "Tregubov, Pavel V."]
[Result "1-0"]
[WhiteTitle "GM"]
[BlackTitle "GM"]
[WhiteElo "2683"]
[BlackElo "2586"]
[WhiteFideId "4116992"]
[BlackFideId "4115341"]
[EventDate "2016.10.04"]

1. d4 Nf6 2. c4 c5 3. d5 b5 4. f3 bxc4 5. e4 d6 6. Ne2 g6 7. Nec3 Bg7 8. Na3 O-O
9. Nxc4 Nbd7 10. Be2 Nb6 11. O-O Nxc4 12. Bxc4 Nd7 13. a4 Ne5 14. Be2 Rb8 15. f4
Nd7 16. a5 a6 17. Qc2 Bb7 18. Bc4 Nf6 19. h3 Qc7 20. Bd2 Rbe8 21. Qd3 Qc8 22.
Rae1 Nd7 23. Kh1 Kh8 24. Na4 Qc7 25. Bc3 Bxc3 26. Qxc3+ Kg8 27. e5 Rb8 28. Re2
Ba8 29. b3 Rb4 30. Nb2 Qxa5 31. exd6 exd6 32. Nd3 Rb5 33. Qb2 Rbb8 34. f5 Rbe8
35. Ref2 Ne5 36. Nxe5 Rxe5 37. Qc1 Bxd5 38. Qh6 Bxc4 39. f6 1-0

[Event "ch-RUS Blitz 2016"]
[Site "Sochi RUS"]
[Date "2016.10.04"]
[Round "4.7"]
[White "Khairullin, Ildar"]
[Black "Yuffa, Daniil"]
[Result "0-1"]
[WhiteTitle "GM"]
[BlackTitle "IM"]
[WhiteElo "2630"]
[BlackElo "2534"]
[WhiteFideId "4151348"]
[BlackFideId "24131423"]
[EventDate "2016.10.04"]

1. d4 Nf6 2. c4 g6 3. Nc3 Bg7 4. e4 d6 5. Nf3 O-O 6. h3 e5 7. d5 Nh5 8. g3 Na6
9. Nd2 Nc5 10. Be2 f5 11. exf5 Bxf5 12. Nb3 Ne4 13. Nxe4 Bxe4 14. Rh2 c6 15. Nd2
Qa5 16. a3 cxd5 17. b4 Qb6 18. Nxe4 dxe4 19. Qd5+ Kh8 20. Qxe4 Nxg3 21. Qe3 Nxe2
22. Qxb6 axb6 23. Kxe2 Rac8 24. Be3 Rxc4 25. Bxb6 d5 26. Rd1 d4 27. Ke1 e4 28.
Rg2 Rf3 29. Rg4 d3 30. Rg3 Rxg3 0-1

[Event "ch-RUS Blitz 2016"]
[Site "Sochi RUS"]
[Date "2016.10.04"]
[Round "4.8"]
[White "Moiseenko, Vadim"]
[Black "Alekseev, Evgeny"]
[Result "1-0"]
[WhiteTitle "IM"]
[BlackTitle "GM"]
[WhiteElo "2528"]
[BlackElo "2636"]
[WhiteFideId "4123700"]
[BlackFideId "4138147"]
[EventDate "2016.10.04"]

1. e4 e5 2. Nf3 Nc6 3. d4 exd4 4. Nxd4 Nf6 5. Nxc6 bxc6 6. e5 Qe7 7. Qe2 Nd5 8.
c4 Qb4+ 9. Nd2 Nf4 10. Qe4 Ne6 11. Be2 Bb7 12. O-O c5 13. Qe3 Be7 14. f4 Nd4 15.
Bd3 g6 16. Ne4 O-O-O 17. Bd2 Qb6 18. Rab1 f5 19. Nc3 d6 20. e6 c6 21. b4 Qc7 22.
b5 Bf6 23. bxc6 Nxc6 24. Nb5 Bd4 25. Nxd4 Nxd4 26. Bc3 Rhe8 27. Bxd4 cxd4 28.
Qe2 Qc6 29. Rb2 Kc7 30. Rfb1 Rb8 31. c5 Qd5 32. cxd6+ Kxd6 33. Rb5 Qxe6 34.
Qxe6+ Rxe6 35. Rxb7 Rxb7 36. Rxb7 Re3 37. Rb3 Kd5 1-0

[Event "ch-RUS Blitz 2016"]
[Site "Sochi RUS"]
[Date "2016.10.04"]
[Round "4.9"]
[White "Matlakov, Maxim"]
[Black "Lugovskoy, Maxim"]
[Result "0-1"]
[WhiteTitle "GM"]
[BlackTitle "IM"]
[WhiteElo "2691"]
[BlackElo "2436"]
[WhiteFideId "4168003"]
[BlackFideId "24126454"]
[EventDate "2016.10.04"]

1. Nf3 d5 2. g3 g6 3. Bg2 Bg7 4. d4 Nf6 5. O-O O-O 6. c4 dxc4 7. Na3 c3 8. bxc3
c5 9. Ne5 Nbd7 10. Nd3 cxd4 11. cxd4 Nb6 12. Nc5 Nfd5 13. Bb2 e6 14. Qb3 Qe7 15.
e4 Nf6 16. Rac1 Bd7 17. Nb5 Bxb5 18. Qxb5 Rfd8 19. Rfd1 Rab8 20. a4 Nbd7 21. Nd3
Ne8 22. Qb3 h5 23. e5 Nb6 24. a5 Nd5 25. Bxd5 Rxd5 26. Nf4 Rxa5 27. d5 exd5 28.
Nxd5 Qe6 29. Qb4 Rxd5 30. Re1 b6 31. Qc4 Rbd8 32. Qa4 Qf5 33. Bc3 Bh6 34. Rb1
Ng7 35. Qxa7 Ne6 36. h4 Rd3 37. Bb4 Nd4 38. Rf1 Qf3 39. Qxb6 Ne2+ 40. Kh2 Bf4
41. Rg1 Nxg1 42. Rxg1 Bxe5 43. Be7 Re8 44. Bg5 Bg7 45. Rg2 Rd1 46. Qb5 Qe2 47.
Qc6 Qe1 48. Kh3 Qh1+ 0-1

[Event "ch-RUS Blitz 2016"]
[Site "Sochi RUS"]
[Date "2016.10.04"]
[Round "4.10"]
[White "Antonenko, Vladimir"]
[Black "Bocharov, Dmitry"]
[Result "1-0"]
[WhiteTitle "FM"]
[BlackTitle "GM"]
[WhiteElo "2311"]
[BlackElo "2611"]
[WhiteFideId "24159409"]
[BlackFideId "4138716"]
[EventDate "2016.10.04"]

1. d4 Nf6 2. c4 e6 3. Nf3 b6 4. g3 Ba6 5. b3 d5 6. cxd5 exd5 7. Bg2 Bb4+ 8. Bd2
Be7 9. O-O O-O 10. Ne5 Bb7 11. Nc3 Nbd7 12. Bf4 c5 13. dxc5 Nxc5 14. Rc1 Re8 15.
Nb5 Bf8 16. b4 Ne6 17. a3 a6 18. Nd4 Nxf4 19. gxf4 a5 20. Qb3 axb4 21. axb4 Rc8
22. b5 Bc5 23. Ndc6 Bxc6 24. bxc6 Qd6 25. Rcd1 Rcd8 26. e4 Rxe5 27. fxe5 Qxe5
28. exd5 h5 29. Qg3 Qe7 30. c7 Rc8 31. d6 Qd7 32. Bh3 Ng4 33. Bxg4 hxg4 34. Rfe1
Ra8 35. Re7 Qf5 36. d7 Ra2 37. d8=Q+ Kh7 38. Qdd3 1-0

[Event "ch-RUS Blitz 2016"]
[Site "Sochi RUS"]
[Date "2016.10.04"]
[Round "4.11"]
[White "Savchenko, Boris"]
[Black "Oganian, Miran"]
[Result "1-0"]
[WhiteTitle "GM"]
[BlackTitle "IM"]
[WhiteElo "2613"]
[BlackElo "2450"]
[WhiteFideId "4147332"]
[BlackFideId "4122488"]
[EventDate "2016.10.04"]

1. e4 c5 2. Nf3 Nc6 3. d4 cxd4 4. Nxd4 e5 5. Nb5 a6 6. N5a3 Nf6 7. Bd3 d5 8.
exd5 Nxd5 9. Nc4 b5 10. Ne3 Nf4 11. Be4 Qxd1+ 12. Nxd1 Bb7 13. Nd2 O-O-O 14. Nb3
Nb4 15. Bxb7+ Kxb7 16. Ne3 Nxg2+ 17. Nxg2 Nxc2+ 18. Ke2 Nxa1 19. Nxa1 Bc5 20.
Ne3 g6 21. Nb3 Bb6 22. Ng4 h5 23. Nf6 Rd6 24. Ne4 Rc6 25. Nc3 Rd8 26. Bg5 f6 27.
Bd2 f5 28. Rg1 e4 29. Rg3 Rd7 30. Ke1 Rf7 31. Ne2 Bc7 32. Nf4 Rd7 33. Be3 Rdd6
34. Rg2 Kc8 35. h3 a5 36. Ne2 a4 37. Nbd4 Ba5+ 38. Kf1 Rc4 39. Rg3 b4 40. b3
axb3 41. axb3 Rc5 42. Nf4 Rc3 43. Nb5 Rd1+ 44. Ke2 Rb1 45. Nxc3 bxc3 46. Rxg6
Rxb3 47. Rc6+ Kb7 48. Rc4 Rb2+ 49. Kd1 h4 50. Nd5 Rb1+ 51. Kc2 Rb2+ 52. Kc1 Re2
53. Nxc3 Bxc3 54. Rxc3 f4 55. Bxf4 Rxf2 56. Bg5 Rh2 57. Bxh4 Kb6 58. Be1 Kb5 59.
h4 Rh1 60. Kd2 Kb4 61. Re3 Kc5 62. Rxe4 Kd5 1-0

[Event "ch-RUS Blitz 2016"]
[Site "Sochi RUS"]
[Date "2016.10.04"]
[Round "4.12"]
[White "Khismatullin, Denis"]
[Black "Sergeyev, Alexander"]
[Result "1-0"]
[WhiteTitle "GM"]
[BlackTitle "FM"]
[WhiteElo "2617"]
[BlackElo "2400"]
[WhiteFideId "4142578"]
[BlackFideId "13702076"]
[EventDate "2016.10.04"]

1. d4 d5 2. c4 e6 3. Nc3 Nf6 4. cxd5 exd5 5. Bg5 Be7 6. e3 O-O 7. Bd3 Nbd7 8.
Nge2 c6 9. O-O Nh5 10. Bxe7 Qxe7 11. Rb1 Re8 12. b4 b5 13. a4 a6 14. a5 Qh4 15.
Ng3 Nxg3 16. hxg3 Qf6 17. Qh5 g6 18. Qh6 Nf8 19. Rfc1 Ne6 20. Ne2 Bd7 21. Nf4
Nxf4 22. gxf4 Qg7 23. Qg5 f6 24. Qh4 f5 25. Kf1 Re6 26. Be2 Rae8 27. Ke1 Qe7 28.
Qg3 Kf7 29. Kd2 Rg8 30. Bd3 Kf8 31. Kc3 Rg7 32. Rh1 Qf6 33. Rh6 Ree7 34. Rbh1
Kg8 35. Kb3 Be8 36. Qf3 Rc7 37. Qe2 Bd7 38. Qc2 Be6 39. Qc5 Bc8 40. Be2 Qe7 41.
Qc3 Qd6 42. Bf3 Rcf7 43. g3 Bd7 44. Rc1 Rf8 45. Qd2 Rff7 46. Rc5 Rf8 47. Ka3 Rf6
48. Qd1 Rf8 49. Qh1 Rf6 50. Qh4 Rf8 51. Qg5 Qf6 52. Rc1 Qxg5 53. fxg5 Re8 54.
Kb3 Ree7 55. Kc3 Re8 56. Kd2 Ree7 57. Ke2 Re8 58. Kd2 Rge7 59. Rch1 Rg7 60. R1h4
Ree7 61. Rf4 Ref7 62. Ke2 Rf8 63. Rhh4 Rgf7 64. Kf1 Kg7 65. Kg1 Kg8 66. Kg2 Kg7
67. g4 fxg4 68. Rxf7+ Rxf7 69. Bxg4 Bxg4 70. Rxg4 Rf5 71. Kg3 Kf7 72. f3 Kg7 73.
e4 dxe4 74. fxe4 Rf1 75. e5 Rg1+ 76. Kf3 Rb1 77. Rf4 Re1 78. Rf6 Rc1 79. Ke4 h5
80. gxh6+ Kxh6 81. e6 Re1+ 82. Kf4 Kg7 83. Rf7+ Kh6 84. e7 g5+ 85. Kf5 Re2 86.
Rf6+ Kg7 87. Re6 Rf2+ 88. Kg4 Rg2+ 89. Kf3 1-0

[Event "ch-RUS Blitz 2016"]
[Site "Sochi RUS"]
[Date "2016.10.04"]
[Round "4.13"]
[White "Afanasiev, Nikita"]
[Black "Bologan, Victor"]
[Result "0-1"]
[WhiteTitle "FM"]
[BlackTitle "GM"]
[WhiteElo "2280"]
[BlackElo "2640"]
[WhiteFideId "24183555"]
[BlackFideId "13900048"]
[EventDate "2016.10.04"]

1. d4 Nf6 2. Bf4 g6 3. e3 Bg7 4. Nd2 O-O 5. Ngf3 b6 6. c3 Bb7 7. Be2 c5 8. O-O
d5 9. h3 Nc6 10. Bh2 Nd7 11. a4 e5 12. dxe5 Ndxe5 13. Nxe5 Nxe5 14. Bxe5 Bxe5
15. Bf3 Qc7 16. Qc2 Rad8 17. Rfd1 Bc8 18. Nf1 Be6 19. Bg4 f5 20. Bf3 g5 21. Qe2
Qg7 22. g3 g4 23. Bg2 gxh3 24. Bxh3 Kh8 25. Bg2 Bf7 26. Rd2 Rd6 27. Rad1 Rfd8
28. Nh2 Qh6 29. Nf3 Bf6 30. Nh2 Bh5 31. Bf3 Bf7 32. Bg2 Qg5 33. Qa6 R8d7 34. Qe2
h5 35. Nf3 Qg4 36. Nh2 Qxa4 37. c4 d4 38. Bd5 Bg6 39. exd4 cxd4 40. Nf3 Re7 41.
Qf1 f4 42. Nxd4 Qd7 43. Re2 fxg3 44. fxg3 Bxd4+ 45. Rxd4 Rxe2 46. Qxe2 Qg7 47.
Rf4 Rd8 48. Kh2 Rf8 49. Qf2 Rxf4 50. gxf4 Qf6 51. b4 Kg7 52. b5 Bf5 53. Qe3 Kh6
54. Qf2 h4 55. Qe1 Bg6 56. Qf2 Bh5 57. Qd2 Bg4 58. Be4 Bh5 59. Qf2 Bf7 60. Qf1
Qd4 61. Bd3 Qe3 62. f5 Qg3+ 63. Kh1 Bh5 64. Be4 Qe3 65. Bg2 Be2 66. Qg1 Qxg1+
67. Kxg1 Bxc4 68. Bc6 Kg5 69. Kh2 Bd3 0-1

[Event "ch-RUS Blitz 2016"]
[Site "Sochi RUS"]
[Date "2016.10.04"]
[Round "4.14"]
[White "Dreev, Aleksey"]
[Black "Jary, Sergey"]
[Result "1-0"]
[WhiteTitle "GM"]
[WhiteElo "2660"]
[BlackElo "2297"]
[WhiteFideId "4100107"]
[BlackFideId "14110350"]
[EventDate "2016.10.04"]

1. d4 Nf6 2. Nf3 e6 3. c4 d5 4. Nc3 Be7 5. Bf4 O-O 6. e3 b6 7. cxd5 Nxd5 8. Nxd5
Qxd5 9. Bd3 Bb4+ 10. Ke2 Bd6 11. Bxd6 Qxd6 12. Rc1 c6 13. Qc2 h6 14. Rhd1 Bb7
15. Ne5 Rc8 16. Bh7+ Kf8 17. Be4 Na6 18. a3 Rc7 19. f4 Rac8 20. b4 Nb8 21. Kf2
f6 22. Nc4 Qe7 23. Bf3 Ba6 24. Qh7 Ke8 25. Bh5+ Kd8 26. Qg8+ Kd7 27. Ne5+ Kd6
28. Nf7+ Kd7 29. Qxg7 Rf8 30. Qg6 Kc8 31. Nxh6 f5 32. Qg5 Qh7 33. Bg6 Qg7 34. h4
Rh8 35. Nxf5 exf5 36. Bxf5+ Kb7 37. Qxg7 Rxg7 38. Rh1 Nd7 39. g4 Nf8 40. g5 Kc7
41. Be4 Bb7 42. b5 Rg6 43. Bxg6 Nxg6 44. bxc6 Bc8 45. h5 Ne7 46. g6 Nf5 47. d5
Kd6 48. e4 Nh6 49. Ke3 b5 50. Kd4 a5 51. e5+ Ke7 52. c7 Ng8 1-0

[Event "ch-RUS Blitz 2016"]
[Site "Sochi RUS"]
[Date "2016.10.04"]
[Round "4.15"]
[White "Domogaev, Sergey"]
[Black "Rakhmanov, Aleksandr"]
[Result "0-1"]
[WhiteTitle "GM"]
[BlackTitle "GM"]
[WhiteElo "2435"]
[BlackElo "2662"]
[WhiteFideId "24103608"]
[BlackFideId "4173708"]
[EventDate "2016.10.04"]

1. d4 Nf6 2. c4 d6 3. Nf3 g6 4. Nc3 Bf5 5. g3 Bg7 6. Bg2 c6 7. O-O O-O 8. Bg5
Ne4 9. Nxe4 Bxe4 10. Qd2 Nd7 11. Bh6 Nf6 12. Bxg7 Kxg7 13. Rfd1 Qd7 14. Qc3 Rac8
15. Rac1 a6 16. c5 Bxf3 17. Bxf3 d5 18. b4 Rce8 19. a4 Qf5 20. Bg2 h5 21. h3 e5
22. dxe5 Rxe5 23. e3 Rfe8 24. Rd4 Kg8 25. Qb2 Ne4 26. Rcd1 R5e7 27. h4 Qf6 28.
Qc2 Re5 29. Rf1 Qe7 30. Rfd1 Qc7 31. a5 Nxg3 32. fxg3 Rxe3 33. Qf2 Rxg3 34. Rf4
Rge3 35. Rf1 f5 36. Qb2 Qe5 37. Qc1 Rc3 38. Qd2 Qe3+ 39. Qf2 Kg7 40. Kh2 Qxf2
41. R1xf2 Ree3 42. Rd4 Kf6 43. Rff4 Ke5 44. b5 axb5 45. Rb4 Rc4 46. Rfxc4 dxc4
47. a6 bxa6 48. Bxc6 Kd4 49. Bb7 Kxc5 50. Rb2 a5 51. Ra2 Kb6 52. Bd5 Rd3 53. Bf7
Rd6 54. Rb2 Kc5 55. Ra2 a4 56. Kg3 Rd3+ 57. Kf4 Rd4+ 58. Kg5 Rg4+ 59. Kf6 Rxh4
60. Bxg6 f4 61. Re2 a3 62. Kg5 Rg4+ 63. Kxh5 Rxg6 0-1

[Event "ch-RUS Blitz 2016"]
[Site "Sochi RUS"]
[Date "2016.10.04"]
[Round "4.16"]
[White "Paravyan, David"]
[Black "Musalov, Ruslan"]
[Result "1-0"]
[WhiteTitle "IM"]
[BlackTitle "IM"]
[WhiteElo "2528"]
[BlackElo "2332"]
[WhiteFideId "4194985"]
[BlackFideId "4141490"]
[EventDate "2016.10.04"]

1. d4 d5 2. c4 c6 3. Nc3 Nf6 4. e3 g6 5. Nf3 Bg7 6. Be2 O-O 7. O-O Bf5 8. cxd5
Nxd5 9. Qb3 b6 10. Bd2 Nxc3 11. Bxc3 Nd7 12. Rfd1 Nf6 13. Rac1 Ne4 14. Bb4 Be6
15. Qa3 Qd5 16. Bxe7 Rfe8 17. Bc4 Qf5 18. Bxe6 Qxe6 19. Bh4 a5 20. b3 a4 21. b4
h6 22. Bg3 Bf8 23. Nd2 Nf6 24. Qb2 a3 25. Qb1 Nd5 26. Nc4 1-0